[Event "Biel ATO op 54th"]
[Site "Biel"]
[Date "2021.07.27"]
[Round "2"]
[White "Germann, Markus"]
[Black "Kipper, Siegfried"]
[Result "0-1"]
[WhiteElo "1933"]
[BlackElo "1724"]
[PlyCount "108"]
[EventDate "2021.07.26"]
[EventType "swiss"]
[EventRounds "9"]
[EventCountry "SUI"]
[SourceTitle "EXT 2022"]
[Source "ChessBase"]
[SourceDate "2021.10.06"]
[SourceVersion "1"]
[SourceVersionDate "2021.10.06"]
[SourceQuality "1"]

1. e4 c5 2. Nf3 e6 3. d4 cxd4 4. Nxd4 a6 5. Bd3 Qc7 6. 0-0 Nf6 7. Qe2 d6 8. c4 Nbd7 9. Nc3 Be7 10. Be3 b6 11. Rac1 Bb7 12. Rfd1 Rc8 13. b3 Qb8 14. Nf3 Qa8 15. Bg5 0-0 16. Bb1 Rfd8 17. h4 h6 18. Bf4 Nc5 19. Re1 Bc6 20. Nd4 Qb7 21. Nxc6 Qxc6 22. Nd5 Qb7 23. Nxe7+ Qxe7 24. e5 dxe5 25. Bxe5 Nfd7 26. Bg3 Nf6 27. Rcd1 Rxd1 28. Rxd1 Rd8 29. Be5 Rxd1+ 30. Qxd1 Qd7 31. Qxd7 Ncxd7 32. Bd6 Ne8 33. Ba3 f5 34. f3 Kf7 35. Kf2 g5 36. hxg5 hxg5 37. g3 Kf6 38. f4 Kg6 39. Be7 Nef6 40. fxg5 Kxg5 41. b4 Kg6 42. Bc2 Ng4+ 43. Ke2 Nge5 44. Ba4 Kf7 45. Bg5 Ke8 46. c5 b5 47. Bb3 Kf7 48. Ke3 Kg6 49. Bd8 Nc6 50. Bc7 Kf6 51. Bd1 Nxb4 52. Bd6 Nc6 53. Bf3 Nde5 54. Kf4 Nxf3 0-1

[Event "Biel HTO 53rd"]
[Site "Biel"]
[Date "2020.07.27"]
[Round "7"]
[White "Smeets, Kobe"]
[Black "Germann, Markus"]
[Result "1-0"]
[WhiteElo "1755"]
[BlackElo "1995"]
[PlyCount "59"]
[EventDate "2020.07.20"]
[EventType "swiss"]
[EventRounds "9"]
[EventCountry "SUI"]
[SourceTitle "CBM 197"]
[Source "ChessBase"]
[SourceDate "2020.07.27"]
[SourceVersion "1"]
[SourceVersionDate "2020.07.27"]
[SourceQuality "1"]

1. e4 c5 2. Nf3 d6 3. d4 cxd4 4. Nxd4 Nf6 5. Nc3 e6 6. Bg5 Be7 7. f4 0-0 8. Qf3 Nc6 9. Nb3 a6 10. 0-0-0 Qc7 11. Kb1 b5 12. g4 b4 13. Ne2 Bb7 14. Bxf6 Bxf6 15. g5 Be7 16. h4 a5 17. h5 a4 18. Nbd4 Nxd4 19. Nxd4 d5 20. e5 Bc5 21. Bh3 Bxd4 22. Rxd4 Rfc8 23. Qd3 Ba6 24. Qd2 Rab8 25. b3 Qb6 26. f5 Rc3 27. g6 hxg6 28. hxg6 Rbc8 29. Rh4 fxg6 30. fxg6 1-0